000 00763cam a22002533a 4500
001 25301
003 PGUSA
005 20140828083538.0
008 080504s2008||||xxu|||||s|||||000 1 eng d
040 _aPGUSA
_beng
042 _adc
050 4 _aPZ
100 1 _aBurgess, Thornton W.
_q(Thornton Waldo),
_d1874-1965
245 1 4 _aThe Adventures of Danny Meadow Mouse
_h[electronic resource] /
_cThornton W. Burgess
260 _bProject Gutenberg,
_c2008
506 _aPublic domain in the USA.
516 _aElectronic text
653 _aMice -- Juvenile fiction
653 _aAnimals -- Juvenile fiction
700 1 _aCady, Harrison,
_d1877-1970
830 0 _aProject Gutenberg
_v25301
856 4 0 _uhttp://www.gutenberg.org/ebooks/25301
942 _cEB
999 _c254556
_d254556